Patient-physician relationship / (Record no. 16832)

MARC details
000 -LEADER
fixed length control field 01386nam a22003255a 4500
005 - DATE AND TIME OF LATEST TRANSACTION
control field 20080730024538.0
008 - FIXED-LENGTH DATA ELEMENTS--GENERAL INFORMATION
fixed length control field 080418s2007 ii b 001 0 eng
010 ## - LCCN (DPL NO)
LC control number ENG-91350
020 ## - INTERNATIONAL STANDARD BOOK NUMBER
International Standard Book Number 8186921419
Terms of availability 480.00
020 ## - INTERNATIONAL STANDARD BOOK NUMBER
International Standard Book Number 9788186921418
035 ## - SYSTEM CONTROL NUMBER
System control number EN-74883
037 ## - SOURCE OF ACQUISITION
Source of stock number/acquisition DBAD / PUB
040 ## - CATALOGING SOURCE
Original cataloging agency dpl
Language of cataloging English
082 ## - DEWEY DECIMAL CLASSIFICATION NUMBER
Classification number 610.696
245 ## - TITLE STATEMENT
Title Patient-physician relationship /
Statement of responsibility, etc edited by Ratna Dutta Sharma [and] Sashinungla.
260 ## - PUBLICATION, DISTRIBUTION, ETC. (IMPRINT)
Place of publication, distribution, etc New Delhi :
Name of publisher, distributor, etc Decent Books
Date of publication, distribution, etc 2007.
260 ## - PUBLICATION, DISTRIBUTION, ETC. (IMPRINT)
Place of publication, distribution, etc kolkata
Name of publisher, distributor, etc Department of Philosophy, Jadavpur University
Date of publication, distribution, etc 2007.
300 ## - PHYSICAL DESCRIPTION
Extent xi, 257 p. ;
Dimensions 22 cm (Hb)
500 ## - GENERAL NOTE
General note Most of the papers presented at the Workshop on "Perspectives of the Patient-physician relationship" held at Kolkata.
500 ## - GENERAL NOTE
General note includes bibliographical references and index.
520 ## - SUMMARY, ETC.
Summary, etc Most of the papers presented at the worshop held at Calcutta.
650 ## - SUBJECT ADDED ENTRY--TOPICAL TERM
Topical term or geographic name as entry element Physician and patient
General subdivision Congresses
650 ## - SUBJECT ADDED ENTRY--TOPICAL TERM
Topical term or geographic name as entry element Physician and patient
Geographic subdivision India
General subdivision Congresses
650 ## - SUBJECT ADDED ENTRY--TOPICAL TERM
Topical term or geographic name as entry element Medical ethics
General subdivision Congresses
700 ## - ADDED ENTRY--PERSONAL NAME
Personal name Dutta Sharma, Ratna
700 ## - ADDED ENTRY--PERSONAL NAME
Personal name Sashinungla
710 ## - ADDED ENTRY--CORPORATE NAME
Corporate name or jurisdiction name as entry element Jadavpur University.
Subordinate unit Dept. of Philosophy.
942 ## - ADDED ENTRY ELEMENTS (KOHA)
Source of classification or shelving scheme Dewey Decimal Classification
Item type English Books
Classification part 610.696
Call number suffix PAT
Holdings
Withdrawn status Lost status Source of classification or shelving scheme Damaged status Not for loan Collection code Home library Current library Date acquired Source of acquisition Cost, normal purchase price Total Checkouts Full call number Barcode Date last seen Copy number Cost, replacement price Koha item type
    Dewey Decimal Classification   Not For Loan Non-fiction D.B.Act.Division D.B.Act.Division 17/10/2008 DBAD / PUB 480.00   610.696 PAT EN-74883 17/10/2008 1 480.00 English Books

© Delhi Public Library
Hit Counter
free hit counter